Villes de France aux noms en dessous de la ceinture - Statistiques

Statistiques générales
  • Ce quiz a été pris 32 fois
  • Le résultat moyen est 2 sur 15
Statistiques - réponses
Hint Réponse % Correct
M montcuq
53%
P poil
47%
C chatte
41%
A anus
38%
B bitche
16%
G gland
13%
P pornic
3%
B bourg madame
0%
B branlette
0%
D deux verges
0%
J jouy en josas
0%
L la mouille
0%
L la queue en brie
0%
L la trique
0%
S saint amand sur fion
0%
Aucun quiz correspondant
Distribution des résultats
% des personnes avec chaque résultat
Percentile par nombre de réponses
Votre historique - résultats
Vous n’avez pas pris ce quiz